Đời sống tôn giáo tín ngưỡng Thăng Long- Hà Nội

Nội dung sách cung cấp đầy đủ hơn tiến trình lịch sử của các tôn giáo, những biến thái của những hình thức tín ngưỡng, đặc biệt là khắc hoạ đời sống tôn giáo, thậm chí dựng lại hình ảnh sinh hoạt của mỗi tôn giáo, các loịa hình tín ng...

Ful tanımlama

Kaydedildi:
Detaylı Bibliyografya
Yazar: Đỗ, Quang Hưng
Materyal Türü: Kitap
Dil:Undetermined
Baskı/Yayın Bilgisi: Hà Nội Nxb Hà Nội 2010
Konular:
Etiketler: Etiketle
Etiket eklenmemiş, İlk siz ekleyin!
Thư viện lưu trữ: Trung tâm Học liệu Trường Đại học Cần Thơ
LEADER 01362nam a2200229Ia 4500
001 CTU_160712
008 210402s9999 xx 000 0 und d
020 |c 120000 
082 |a 200.959731 
082 |b H556 
100 |a Đỗ, Quang Hưng 
245 0 |a Đời sống tôn giáo tín ngưỡng Thăng Long- Hà Nội 
245 0 |c Đỗ Quang Hưng 
260 |a Hà Nội 
260 |b Nxb Hà Nội 
260 |c 2010 
520 |a Nội dung sách cung cấp đầy đủ hơn tiến trình lịch sử của các tôn giáo, những biến thái của những hình thức tín ngưỡng, đặc biệt là khắc hoạ đời sống tôn giáo, thậm chí dựng lại hình ảnh sinh hoạt của mỗi tôn giáo, các loịa hình tín ngưỡng, cho đến hình ảnh cụ thể của các "nhân vật" tôn giáo ở Thăng Long - Hà Nội,... 
650 |a Hanoi (Vietnam),Hà Nội (Việt Nam),Religions of Vietnam, Tín ngưỡng của Việt Nam 
650 |x Religious life and customs,Phong tục và đời sống văn hóa 
904 |i Thao, Anhtho, QHieu, Năm 
910 |a Năm sửa số PL 299.53 thành 200.959731 (chưa in nhãn) 
980 |a Trung tâm Học liệu Trường Đại học Cần Thơ